| 000 | 00595nam a22002177a 4500 | ||
|---|---|---|---|
| 005 | 20201125150802.0 | ||
| 008 | 201125b ||||| |||| 00| 0 eng d | ||
| 020 | _a9789389865196 | ||
| 040 |
_aIN-DiNC _cIN-DiNC |
||
| 041 | _deng | ||
| 082 |
_a327 _bGOG |
||
| 100 |
_aGogoi, Yuvaraj _eauthor |
||
| 245 |
_aPerspectives on international relations and world history/ _cby Yuvaraj Gogoi |
||
| 250 | _a1st ed. | ||
| 260 |
_aDibrugarh: _bBanalata, _c2020 |
||
| 300 | _a149p. | ||
| 650 | _aPolitical science | ||
| 650 | _aInternational relations | ||
| 650 | _aWorld history | ||
| 942 |
_2ddc _cBK |
||
| 999 |
_c11087 _d11087 |
||